000 00274nam a22001337a 4500
008 170823b xxu||||| |||| 00| 0 eng d
020 _a0387974164
041 _aeng
080 _a51
100 _a38
101 _aMAT
245 _aMACMATH
_cHUBBARD,J.H
942 _2udc
_cBK
999 _c24649
_d24649